Statistics for PR14-阪急電鉄の駅

Click here to take the quiz!

General Stats

  • This quiz has been taken 688 times
  • The average score is 79 of 102

Answer Stats

本線% Correct
大阪梅田
99%
十三
99%
神戸三宮
96%
中津
96%
宝塚
96%
伊丹
96%
西宮北口
95%
京都河原町
94%
高槻市
94%
93%
淡路
93%
嵐山
93%
今津
92%
北千里
92%
箕面
92%
茨木市
92%
高速神戸
90%
新開地
89%
烏丸
89%
甲陽園
88%
夙川
86%
大宮
86%
塚口
85%
長岡天神
84%
六甲
84%
天神橋筋六丁目
84%
岡本
84%
豊中
83%
雲雀丘花屋敷
83%
石橋阪大前
83%
川西能勢口
81%
西院
81%
阪神国道
79%
春日野道
79%
神崎川
78%
花隈
78%
蛍池
78%
南方
77%
王子公園
76%
園田
76%
大山崎
76%
仁川
76%
南茨木
76%
芦屋川
76%
宝塚南口
75%
西向日
75%
御影
75%
武庫之荘
75%
上新庄
74%
正雀
74%
東向日
73%
南千里
73%
吹田
73%
池田
71%
西山天王山
71%
柴島
71%
西京極
71%
甲東園
71%
山田
70%
新伊丹
70%
関大前
69%
苦楽園口
67%
富田
67%
清荒神
67%
松尾大社
67%
水無瀬
67%
摂津市
66%
下新庄
66%
門戸厄神
65%
総持寺
65%
三国
65%
洛西口
64%
小林
62%
上桂
62%
売布神社
62%
中山観音
61%
上牧
61%
逆瀬川
60%
曽根
60%
相川
60%
崇禅寺
59%
山本
59%
服部天神
59%
稲野
55%
千里山
55%
桜井
55%
岡町
55%
牧落
54%
庄内
52%
豊津
48%

Score Distribution

Percentile by Number Answered

Percent of People with Each Score

Your Score History

You have not taken this quiz